000 00335nam a22001337a 4500
003 SGT
020 _a9780195649598
082 _a342.0954
_bAUS
100 _aAUSTIN GRANVILLE
245 _aTHE INDIAN CONSTITUTION
_bCORNERSTONE OF A NATION
260 _aNEW DELHI
_bOXFORD UNIVERSITY PRESS
_c2000
300 _a390
942 _2ddc
_cBK
_01
999 _c25533
_d25533